แสดงรายละเอียดบรรณานุกรม
  กลับหน้าหลัก

Brief Record : Get Marc (ISO 2709) : E-mail record : QR code ปิดหน้าต่าง
LEADER 00000nama 2200000uu 4500
008    040531s|||| th m m a000 0 tha d
041    tha tha
050    WY85 ส 2528 WP100 ส576ส
100    สิวลี ศิรไล สันต์ สันตินรนนท์
245    จริยศาสตร์สำหรับพยาบาล/ สิวลี ศิริไล 001 สุขภาพหญิง/ สันต์ สันต์นรนนท์ 001
260    มหาสารคาม ปรีดาการพิมพ์ 2528 กรุงเทพฯ ศรีอนันต์การพิมพ์ 25--
300    197 หน้า 212 หน้า
650    จริยศาสตร์ จรรยาบรรณพยาบาลชื่อเรื่อง สตรี สุขภาพสรีเวชวิทยาชื่อเรื่อง
998    1999-02-02 1999-02-05
รายการนี้ยังไม่มีแท็ก
คุณยังไม่ได้ล็อกอิน คุณสามารถมีกิจกรรมร่วมกับเว็บไซต์ได้ แต่ต้องล็อกอินก่อน ::
  ล็อกอิน
ลำดับที่ ประเภท เลขเรียก สถานที่ สถานะ
1. หนังสือทั่วไป
หนังสือทั่วไป
WY85 ส 2528 WP100 ส576ส  
  
หนังสือทั่วไป On Shelf
  ขอยืม
   [แสดง 1/1 รายการ]

BibComment


ยังไม่เคยถูกคอมเมนท์

คอมเมนท์ทรัพยากรรายการนี้
  คอมเมนท์: จริยศาสตร์สำหรับพ..
Bib 183669

 
 
 

 Union Library Management : ULibM
Copyright 2026. All Rights Reserved.
скачать бесплатно без регистрации порно красивый секс HD Sex Hindi sex

xxx gou

xxxx

bfxxx

xxxwww

Секса Видео

xxxx

Секса Видео

detube

geilexxx

C99 Shell

worms shell

blod xxx video
Ebony Coed Rihanna Rimes Takes A Dick In Her Young Twat priyaa indian fuck anal and pusssy hardcore indian women xxx desi hardcore fucking part 1 bengalixxxcouple